| 000 | 00585nam a2200205Ia 4500 | ||
|---|---|---|---|
| 003 | IN-BaIIA | ||
| 008 | 211028s9999 xx 000 0 eng d | ||
| 020 | _a0-8615-1063-6 | ||
| 040 | _cIIA Library | ||
| 080 |
_a523.68 _bMET |
||
| 100 |
_aKerridge, John F _916006 |
||
| 245 | 0 |
_aMeteorites and the solar system _c John F. Kerridge |
|
| 260 |
_aTucson _bUniversity of Arizona Press _c1988 |
||
| 300 | _axvii, 1269p. | ||
| 650 | _aAstronomy and astrophysics thesaurus | ||
| 650 | _aMeteorites | ||
| 650 | _aSolar system | ||
| 700 |
_aMatthews, Mildred Shapley _915188 |
||
| 942 | _cBK | ||
| 999 |
_c9504 _d9504 |
||